| 000 | 00596 a2200145 4500 | ||
|---|---|---|---|
| 005 | 20250614091127.0 | ||
| 020 | _a0-8213-5720-4 | ||
| 082 | _aLECT 330.96 THE | ||
| 111 | _aThe world bank, | ||
| 245 | _aAfrican development indicators 2004: from the World Africa Database. | ||
| 260 |
_aWashington D. C., _bThe international Bank for reconstruction and development, _c2004. |
||
| 300 |
_axxvi, 397p.: ill.; chart, figure, table. _bBibliography, _c27cm. |
||
| 856 |
_yAccess online book _fAfrican development indicators 2004: from the World Africa Database. _dwww.worldbank.org |
||
| 942 |
_2ddc _cBKS |
||
| 999 |
_c4069 _d4069 |
||